| 000 | 01726nam a2200421 c 4500 | ||
|---|---|---|---|
| 999 |
_c160189 _d160189 |
||
| 003 | BLK | ||
| 005 | 20230724152756.0 | ||
| 008 | 180410b bul|||||r ||||||| ||bul|| | ||
| 010 | _aKNG00167392000 | ||
| 040 | _aBLK | ||
| 041 |
_aRUS _cRUS |
||
| 072 | 7 |
_2bullib _aЦ _xРедки и ценни |
|
| 080 |
_aХристиянска църква. Обща история на църквата _b26/28 _x(075.3) _z26/28(075.3) |
||
| 139 |
_aСмирнов, Евграф Иванович _bС 47 |
||
| 245 | 1 | 0 |
_aИстория христианской церкви _bКурс III и IV кл. духовных семинарий _cсостав. Евграф Иванович Смирнов. |
| 250 | _a4. изд., испр. и доп. | ||
| 257 | _aRUS | ||
| 260 |
_bтипогр. Дома призр. малолетн. бедн. _c1886 |
||
| 300 |
_a2, 484, VІІ с. _c22 см |
||
| 380 | _a2 | ||
| 490 |
_9435080 _aКолекция Редки и ценни издания |
||
| 500 | _aПодв. с 1 (един) бр. кн. | ||
| 505 | _tИстория христианской церкви. Курс V кл. духовных семинарий | ||
| 650 | 4 |
_aЦърква - история _9249942 |
|
| 653 | _aистория на религиите | ||
| 653 | _aучебници за средни училища | ||
| 659 | _aЦ | ||
| 700 |
_aСмирнов, Евграф Иванович _d1842- _9334796 |
||
| 852 |
_aРр 886 _bРц |
||
| 856 | 4 | _qpdf | |
| 856 | 4 | _qpdf | |
| 942 |
_cKNG _n0 _s1 |
||
| 944 |
_aCR _c19.11.2014 _k30556 _lТеодора Пейчева-Дянкова |
||
| 944 |
_aED _c19.11.2014 _kНаталия_Медовщикова |
||
| 999 | _d160189 | ||
| 999 | _d160189 | ||
| 999 | _d160189 | ||